000 00339nam a2200121Ia 4500
005 20251222144914.0
008 251222s9999||||xx |||||||||||||| ||spa||
082 _a467.985/E77
100 _aEscobar, Alberto
245 0 _aVariaciones SociolingüIsticas del Castellano en el Perú
264 _bInstituto de Estudios Peruanos
942 _cLIB
999 _c22464
_d22464